FC Famalicão Squad 2023-2024 - Statistics

General Stats
  • This quiz has been taken 10 times
  • The average score is 17 of 32
Answer Stats
# Position Nation Player % Correct
20 MF Portugal Gustavo Sá
78%
31 GK Brazil Luiz Júnior
78%
10 FW Portugal Chiquinho
67%
4 DF Albania Enea Mihaj
67%
- Coach Portugal João Pedro Sousa
67%
16 DF Netherlands Justin de Haas
67%
8 MF Serbia Mirko Topić
67%
77 FW Brazil Sorriso
67%
6 MF France Tom Lacoux
67%
28 MF France Zaydou Youssouf
67%
74 DF Portugal Francisco Moura
56%
9 FW Portugal Henrique Araújo
56%
29 FW Venezuela Jhonder Cádiz
56%
13 DF Brazil Otávio
56%
18 MF Finland Otso Liimatta
56%
7 FW Panamá Puma
56%
17 FW Portugal Afonso Rodrigues
44%
23 FW Romania Alex Dobre
44%
12 MF Brazil Gustavo Assunção
44%
1 GK Russia Ivan Zlobin
44%
32 DF Spain Martín Aguirregabiria
44%
22 DF Brazil Nathan
44%
11 FW Spain Óscar Aranda
44%
15 DF Brazil Riccieli
44%
5 DF Portugal Rúben Lima
44%
65 DF Spain Dani Morer
33%
19 MF Portugal Filipe Soares
33%
21 FW France Florian Danho
33%
90 GK Portugal Hugo Cunha
33%
36 DF Brazil Ian Custódio
33%
77 FW Brazil Pablo
33%
95 FW Portugal Théo Fonseca
33%
No matching quizzes found
Score Distribution
Percent of People with Each Score
Percentile by Number Answered
Your Score History
You have not taken this quiz